<?xml version="1.0" encoding="UTF-8"?><?xml-stylesheet type="text/xsl" href="static/style.xsl"?><OAI-PMH xmlns="http://www.openarchives.org/OAI/2.0/" xmlns:xsi="http://www.w3.org/2001/XMLSchema-instance" xsi:schemaLocation="http://www.openarchives.org/OAI/2.0/ http://www.openarchives.org/OAI/2.0/OAI-PMH.xsd"><responseDate>2026-04-27T20:18:40Z</responseDate><request verb="GetRecord" identifier="oai:uvadoc.uva.es:10324/68997" metadataPrefix="marc">https://uvadoc.uva.es/oai/request</request><GetRecord><record><header><identifier>oai:uvadoc.uva.es:10324/68997</identifier><datestamp>2024-09-13T12:54:49Z</datestamp><setSpec>com_10324_38</setSpec><setSpec>col_10324_852</setSpec></header><metadata><record xmlns="http://www.loc.gov/MARC21/slim" xmlns:doc="http://www.lyncode.com/xoai" xmlns:xsi="http://www.w3.org/2001/XMLSchema-instance" xmlns:dcterms="http://purl.org/dc/terms/" xsi:schemaLocation="http://www.loc.gov/MARC21/slim http://www.loc.gov/standards/marcxml/schema/MARC21slim.xsd">
<leader>00925njm 22002777a 4500</leader>
<datafield tag="042" ind1=" " ind2=" ">
<subfield code="a">dc</subfield>
</datafield>
<datafield tag="720" ind1=" " ind2=" ">
<subfield code="a">Bilbao Almeida, Gonzalo</subfield>
<subfield code="e">author</subfield>
</datafield>
<datafield tag="260" ind1=" " ind2=" ">
<subfield code="c">2023</subfield>
</datafield>
<datafield tag="520" ind1=" " ind2=" ">
<subfield code="a">Las Unidades de Cuidados Intensivos Neonatales son unidades&#xd;
altamente sofisticadas tecnológicamente hablando y cuentan con un personal muy&#xd;
cualificado. Además de las actividades de enfermería llevadas a cabo en estas, las&#xd;
enfermeras también tienen la labor de favorecer la involucración de los padres en los&#xd;
cuidados, satisfaciendo también sus necesidades. Es muy importante una buena&#xd;
cualificación y por ello contamos hoy día con la especialidad de pediatría, gracias a la&#xd;
cual muchas enfermeras se forman en los cuidados pediátricos. Sin embargo,&#xd;
seguimos a la espera de la instauración de una especialidad en Cuidados Intensivos.</subfield>
</datafield>
<datafield tag="024" ind2=" " ind1="8">
<subfield code="a">https://uvadoc.uva.es/handle/10324/68997</subfield>
</datafield>
<datafield tag="245" ind1="0" ind2="0">
<subfield code="a">Cuidados de enfermería en la Unidad de Cuidados Intensivos Neonatales: cuidados integrales de la unidad familiar: revisión bibliográfica narrativa</subfield>
</datafield>
</record></metadata></record></GetRecord></OAI-PMH>